000 00570nam a2200229Ia 4500
005 20250425161441.0
008 250425s9999 xx 000 0 und d
041 _aeng
043 _axxu
082 _a622.3382
100 _aGATLIN, CARL
245 0 _aPETROLEUM ENGINEERING: DRILLING AND WELL COMPLETIONS
250 _aS.E.
260 _aENGLEWOOD
260 _aEstados Unidos
_bPRENTICE HALL, INC.
_c1960
300 _a341
500 _aFOTOCOPIADO
650 _aINGENIERIA PETROLERA
650 _aPETROLEO-PERFORACION
942 _c01
010 _a20649
999 _c209548
_d209548